Normal view
MARC view
- Philosophy of mind.
Entry Topical Term
001 - CONTROL NUMBER
- control field: 52702
003 - CONTROL NUMBER IDENTIFIER
- control field: OSt
005 - DATE AND TIME OF LATEST TRANSACTION
- control field: 20240219144016.0
008 - FIXED-LENGTH DATA ELEMENTS
- fixed length control field: 240219|| aca||aabn | a|a d
040 ## - CATALOGING SOURCE
- Original cataloging agency: OSt
- Transcribing agency: OSt
150 ## - HEADING--TOPICAL TERM
- Topical term or geographic name entry element: Philosophy of mind.
670 ## - SOURCE DATA FOUND
- Source citation: Work cat.: (OSt): Mandik, Pete. 52701, This is philosophy of mind : , ©2023.
